La democracia y la paz en El Salvador, 1987 /
Presenta los aspectos más relevantes relacionados con el plan de paz centroamericano contenido en el documento de la reunión Esquipulas II, referidos específicamente a El Salvador. Analiza, dentro del proyecto de pacificación a El Salvador, los riesgos y posibles soluciones desde la perspectiva de l...
Furkejuvvon:
| Searvvušdahkkit: | , |
|---|---|
| Materiálatiipa: | Konfereansapublikašuvdna Girji |
| Giella: | Spanish |
| Fáttát: | |
| Fáddágilkorat: |
Lasit fáddágilkoriid
Eai fáddágilkorat, Lasit vuosttaš fáddágilkora!
|
MARC
| LEADER | 00000nam a22000007a 4500 | ||
|---|---|---|---|
| 003 | cru IIS | ||
| 005 | 20220426115821.0 | ||
| 008 | 220316b |||||||| |||| 00| 0 spa d | ||
| 040 | |c cru IIS | ||
| 110 | 1 | |9 10315 |a Universidad de El Salvador. |b Facultad de Ciencias y Humanidades. Departamento de Ciencias Sociales | |
| 245 | 1 | 3 | |a La democracia y la paz en El Salvador, 1987 / |c Universidad de El Salvador. Facultad de Ciencias y Humanidades. Departamento de Ciencias Sociales |
| 300 | |a 20 páginas | ||
| 500 | |a Colección Centroamérica | ||
| 520 | |a Presenta los aspectos más relevantes relacionados con el plan de paz centroamericano contenido en el documento de la reunión Esquipulas II, referidos específicamente a El Salvador. Analiza, dentro del proyecto de pacificación a El Salvador, los riesgos y posibles soluciones desde la perspectiva de los actores sociales y de las condiciones económicas, así como los marcos jurídico-políticos, principalmente los relacionados con la participación política de las fuerzas armadas. Toma en cuenta lo concerniente al cambio social y a la revolución. CEM/mb | ||
| 650 | 0 | |9 83 |a DEMOCRACIA | |
| 650 | 0 | |9 138 |a PAZ | |
| 650 | 0 | |9 3697 |a CRISIS POLITICA | |
| 650 | 4 | |9 1918 |a PODER POLITICO | |
| 650 | 0 | |9 70 |a FUERZAS ARMADAS | |
| 650 | 0 | |9 1855 |a IDEOLOGIAS POLITICAS | |
| 650 | 4 | |9 3229 |a PLANES DE PAZ | |
| 650 | 0 | |9 378 |a GUERRA | |
| 650 | 4 | |9 1933 |a CAMBIO SOCIAL | |
| 650 | 0 | |9 137 |a REVOLUCION | |
| 651 | 4 | |9 1928 |a EL SALVADOR | |
| 711 | |9 10316 |a La paz en Centroamérica: Democracia y desarrollo |c (Managua, Nicaragua : |d 1987 diciembre 3 ) | ||
| 773 | 0 | |0 18901 |9 6724 |a Universidad de Costa Rica. |d San José, Costa Rica CSUCA, 1986- |o MFN: 13596 |t Cuadernos de Investigación CSUCA / | |
| 942 | |2 ddc |c PP | ||
| 999 | |c 44144 |d 44144 | ||
